000 00727nam a2200241Ia 4500
003 OSt
005 20220918201607.0
006 a|||||r|||| 00| 0
007 ta
008 220917b |||||||| |||| 00| 0 eng d
024 _a95,028
037 _cTextual
040 _aARTS
_cARTS
_beng
041 _2eng
_aeng
082 _aV20m44Q7:71.B, K3
100 _aJoshi Jagat Pati
_999685
245 0 _aComparative stratigraphy of the protohistoric cultures of the Indo Pakistan subcontinent
260 _aLucknow
_bEthnographic and Folk-Culture Society
_c1963
300 _a35p. plates
_ccm.
650 _aHISTORY
942 _hV20m44Q7:71.B, K3
_cTEXL
_2CC
999 _c218653
_d218653